000 01139nam a22002057a 4500
005 20260124093217.0
008 230713b ||||| |||| 00| 0 eng d
040 _cSSBUL
_dSSBUL
082 _223
_a၉၂၇.၇၉၂၅၉၂ မြင့် ၁၆၀၃၉ (S-SAT)
100 _aမြင့်အောင်၊
_cမန်တျာ-။
_927873
245 _aပုဂံသား မောင်ဘကျော် /
_cပန်တျာမြင့်အောင်။
260 _aရန်ကုန်၊
_bစာပေဗိမာန်၊
_c၁၉၆၇။
300 _a၁၂၆ စာမျက်နှာ၊
_c၁၉ စင်တီ။
440 _aစာပေဗိမာန်ထုတ် ပြည်သူ့လက်စွဲစာစဉ်။
_927865
500 _aS-SAT: Dr. Prof Sai Aung Tun
650 _aအနုပညာရှင်များ။
_927874
650 _aမြန်မာနိုင်ငံ
_xအတ္ထုပ္ပတ္တိ။
_927871
650 _aဘကျော်၊
_vမောင်၊
_xပုဂံသား၊
_zအတ္ထုပ္ပတ္တိ။
_927875
942 _2ddc
_cBK1
999 _c27123
_d27123